Control system engineering (Record no. 12372)

MARC details
000 -LEADER
fixed length control field 00600nam a2200193Ia 4500
003 - CONTROL NUMBER IDENTIFIER
control field IN-BaIIA
008 - FIXED-LENGTH DATA ELEMENTS--GENERAL INFORMATION
fixed length control field 211028s9999 xx 000 0 eng d
020 ## - INTERNATIONAL STANDARD BOOK NUMBER
International Standard Book Number 0-85226-605-7
040 ## - CATALOGING SOURCE
Transcribing agency IIA Library
080 ## - UNIVERSAL DECIMAL CLASSIFICATION NUMBER
Universal Decimal Classification number 621.337.1
Item number NAG
245 #0 - TITLE STATEMENT
Title Control system engineering
Statement of responsibility, etc. edited by I. J. Nagarth and M. Gopal
250 ## - EDITION STATEMENT
Edition statement 2nd ed.
260 ## - PUBLICATION, DISTRIBUTION, ETC.
Place of publication, distribution, etc. New Delhi
Name of publisher, distributor, etc. New Age International
Date of publication, distribution, etc. 1997
300 ## - PHYSICAL DESCRIPTION
Extent xii, 725p.
650 ## - SUBJECT ADDED ENTRY--TOPICAL TERM
Topical term or geographic name entry element Control system engineering
9 (RLIN) 21630
700 ## - ADDED ENTRY--PERSONAL NAME
Personal name Gopal, M., ed.
9 (RLIN) 21631
700 ## - ADDED ENTRY--PERSONAL NAME
Personal name Nagarth, I. J., ed.
9 (RLIN) 21632
942 ## - ADDED ENTRY ELEMENTS (KOHA)
Koha item type Books
Holdings
Withdrawn status Lost status Damaged status Not for loan Home library Current library Shelving location Date acquired Source of acquisition Cost, normal purchase price Total Checkouts Full call number Barcode Date last seen Cost, replacement price Price effective from Koha item type Purchase Price
        IIA Library-Bangalore IIA Library-Bangalore General Stacks 13/01/1998 ANJ 190.00   621.337.1/ NAG 13288 05/11/2021 190.00 13/01/1998 Books Rs. 190.00

Powered by Koha